[Event "World Youth Boys U18 2014"]
[Site "Durban RSA"]
[Date "2014.09.22"]
[Round "4.1"]
[White "Bezuidenhout, Roland"]
[Black "Vaibhav, Suri"]
[Result "0-1"]
[WhiteTitle "CM"]
[BlackTitle "GM"]
[WhiteElo "2030"]
[BlackElo "2521"]
[WhiteFideId "14304562"]
[BlackFideId "5045185"]
[EventDate "2014.09.20"]

1. e4 c5 2. Nf3 e6 3. d3 Nc6 4. Nbd2 d5 5. Be2 Nf6 6. O-O Bd6 7. Re1 O-O 8. Bf1
Qc7 9. c3 b6 10. h3 Bb7 11. a3 a5 12. b3 Rfe8 13. Bb2 Rad8 14. Qc2 Qb8 15. Rac1
e5 16. Qb1 d4 17. g3 Nd7 18. Bg2 b5 19. c4 Ba6 20. Qc2 a4 21. bxa4 bxc4 22. dxc4
Qa7 23. Ba1 Ra8 24. Nb1 Reb8 25. Nfd2 Bc8 26. Bf3 Nb6 27. h4 Be6 28. Qd3 Qd7 29.
Bd1 Na5 30. f4 f6 31. f5 Bf7 32. g4 Kh8 33. g5 Nbxc4 34. Nxc4 Bxc4 35. Qg3 Bg8
36. h5 c4 37. gxf6 gxf6 38. h6 c3 39. Kh2 Bf8 40. Qh4 Qd6 41. Rg1 Bc4 42. Bc2
Be7 43. Rcd1 Rg8 44. Rxg8+ Rxg8 45. Bxc3 Nc6 46. Qh3 Be2 47. Rd2 Bg4 48. Qf1 Qb8
49. Ba1 Qe8 50. Rg2 Qh5+ 51. Kg1 d3 52. Bb3 Bc5+ 0-1

[Event "World Youth Boys U18 2014"]
[Site "Durban RSA"]
[Date "2014.09.22"]
[Round "4.2"]
[White "Henriquez Villagra, Cristobal"]
[Black "Bortnyk, Olexandr"]
[Result "0-1"]
[WhiteTitle "IM"]
[BlackTitle "IM"]
[WhiteElo "2466"]
[BlackElo "2505"]
[WhiteFideId "3409350"]
[BlackFideId "14120828"]
[EventDate "2014.09.20"]

1. e4 Nf6 2. e5 Nd5 3. d4 d6 4. Nf3 g6 5. Bc4 Nb6 6. Bb3 Bg7 7. O-O O-O 8. Qe2
Nc6 9. h3 Na5 10. Nbd2 c5 11. dxc5 dxc5 12. Qb5 Nxb3 13. axb3 Bf5 14. Qxc5 Rc8
15. Qe3 Bxc2 16. Rxa7 Bd3 17. Re1 Ba6 18. Ne4 Nd5 19. Qd4 Qa5 20. b4 Qb5 21. Nc3
Nxc3 22. bxc3 Rfd8 23. Qh4 Rxc3 24. Bh6 Bxh6 25. Qxh6 Qxb4 26. Rxa6 Rxf3 27.
Raa1 Ra3 28. Rac1 Rc3 29. Rb1 Rb3 30. Ra1 Rb2 31. Qe3 Kg7 32. Re2 Rb3 33. Qc1 b5
34. Qc7 Rbd3 35. Ree1 e6 36. Qb6 R8d5 37. Qb8 Rd2 38. Rf1 Qf8 39. Qxf8+ Kxf8 40.
f4 b4 41. Rab1 R5d4 42. Rf3 Rc2 43. g3 Ke7 44. Rfb3 Rcc4 45. Kf2 Kd7 46. Kf3 h5
47. Ra1 Kc6 48. h4 Kb5 49. Ke3 Rd7 50. Ra8 Rc3+ 51. Rxc3 bxc3 0-1

[Event "World Youth Boys U18 2014"]
[Site "Durban RSA"]
[Date "2014.09.22"]
[Round "4.4"]
[White "Csonka, Balazs"]
[Black "Das, Sayantan"]
[Result "1-0"]
[WhiteTitle "FM"]
[BlackTitle "IM"]
[WhiteElo "2412"]
[BlackElo "2456"]
[WhiteFideId "742910"]
[BlackFideId "5034426"]
[EventDate "2014.09.20"]

1. e4 c5 2. Nf3 e6 3. g3 Nc6 4. Bg2 a6 5. O-O Qc7 6. c3 Nf6 7. Qe2 Be7 8. Rd1
O-O 9. d3 b5 10. e5 Nd5 11. c4 Nb6 12. Nc3 Ra7 13. Bf4 h6 14. Ne4 bxc4 15. Nf6+
Bxf6 16. exf6 d6 17. dxc4 e5 18. Bxh6 gxf6 19. Nh4 Nd4 20. Qh5 Qd7 21. h3 Rd8
22. Be4 Qxh3 23. Rxd4 cxd4 24. Bh7+ Kh8 25. Bg5 fxg5 26. Bf5+ 1-0

[Event "World Youth Boys U18 2014"]
[Site "Durban RSA"]
[Date "2014.09.22"]
[Round "4.5"]
[White "Harutyunian, Tigran K."]
[Black "Machan, Jan"]
[Result "1-0"]
[WhiteTitle "IM"]
[WhiteElo "2439"]
[BlackElo "2248"]
[WhiteFideId "13303635"]
[BlackFideId "334774"]
[EventDate "2014.09.20"]

1. Nf3 d5 2. d4 Nf6 3. c4 e6 4. Bg5 dxc4 5. Nc3 c5 6. e3 cxd4 7. Nxd4 Be7 8.
Bxc4 O-O 9. O-O a6 10. Qf3 Qa5 11. Bh4 Nbd7 12. Bb3 Ne5 13. Qe2 Bd7 14. Rfd1 Ng6
15. Bg3 b5 16. Bc2 Rfd8 17. Ne4 Nd5 18. Bb3 Be8 19. Rac1 Qb6 20. Qc2 a5 21. a3
a4 22. Bxd5 Rxd5 23. Qc7 Qxc7 24. Rxc7 b4 25. axb4 Bxb4 26. Rdc1 Rdd8 27. h4 Ne7
28. Nc2 Nd5 29. Nxb4 Nxb4 30. Rb7 Nd5 31. Nd6 Rd7 32. Rxd7 Bxd7 33. e4 Nb6 34.
Rc7 Kf8 35. Rb7 Ra6 36. e5 Ke7 37. h5 f6 38. h6 gxh6 39. Ne4 fxe5 40. Bh4+ Ke8
41. Nf6+ 1-0

[Event "World Youth Boys U18 2014"]
[Site "Durban RSA"]
[Date "2014.09.22"]
[Round "4.6"]
[White "Zenzera, Alexey"]
[Black "Vignesh, NR"]
[Result "1/2-1/2"]
[WhiteTitle "IM"]
[WhiteElo "2439"]
[BlackElo "2360"]
[WhiteFideId "4102665"]
[BlackFideId "25012215"]
[EventDate "2014.09.20"]

1. Nf3 d5 2. g3 c6 3. Bg2 Nf6 4. O-O Bf5 5. d3 e6 6. c4 dxc4 7. dxc4 Qxd1 8.
Rxd1 Nbd7 9. Nc3 Bb4 10. Be3 Ng4 11. Bd2 Bc5 12. Be1 Nge5 13. Nxe5 Nxe5 14. Ne4
Be7 15. Bc3 Bxe4 16. Bxe4 Bf6 17. Rac1 Nd7 18. f4 Bxc3 19. Rxc3 Nc5 20. Bf3 a5
21. Kf2 Ke7 22. h4 a4 23. e4 Rhd8 24. Ke3 Rxd1 25. Bxd1 Rd8 26. Bc2 e5 27. b4
axb3 28. axb3 Na6 29. c5 f6 30. Bd3 Nb4 31. Bc4 Rd1 32. Ke2 Rb1 33. fxe5 Rb2+
34. Kf3 fxe5 35. Rc1 Nc2 36. Rf1 h5 37. Rf2 Ne1+ 38. Ke3 Ng2+ 39. Kf3 Ne1+ 40.
Ke3 Ng2+ 41. Kf3 1/2-1/2

[Event "World Youth Boys U18 2014"]
[Site "Durban RSA"]
[Date "2014.09.22"]
[Round "4.8"]
[White "Ivekovic, Bozidar2"]
[Black "Alekseenko, Kirill"]
[Result "0-1"]
[BlackTitle "FM"]
[WhiteElo "2299"]
[BlackElo "2483"]
[WhiteFideId "14518848"]
[BlackFideId "4135539"]
[EventDate "2014.09.20"]

1. d4 Nf6 2. c4 e6 3. Nf3 b6 4. a3 c5 5. d5 Ba6 6. Qc2 exd5 7. cxd5 g6 8. Nc3
Bg7 9. Bf4 d6 10. Qa4+ b5 11. Nxb5 O-O 12. Nc3 Qb6 13. Qc2 Nbd7 14. e4 Rae8 15.
Bxa6 Qxa6 16. O-O-O c4 17. Be3 Ng4 18. Bd4 Bxd4 19. Rxd4 Nc5 20. Nd2 Nxf2 21.
Rf1 Nfd3+ 22. Kb1 Rb8 23. Nd1 Ne5 24. Ne3 c3 25. Qxc3 Na4 26. Qc1 Nxb2 27. Rb4
Nbd3 0-1

[Event "World Youth Boys U18 2014"]
[Site "Durban RSA"]
[Date "2014.09.22"]
[Round "4.9"]
[White "Studer, Noel"]
[Black "Visakh, NR"]
[Result "1/2-1/2"]
[WhiteTitle "FM"]
[WhiteElo "2404"]
[BlackElo "2300"]
[WhiteFideId "1319620"]
[BlackFideId "25012223"]
[EventDate "2014.09.20"]

1. e4 c5 2. Nf3 d6 3. d4 cxd4 4. Nxd4 Nf6 5. Nc3 a6 6. Be3 e5 7. Nf3 Qc7 8. a4
Be7 9. a5 O-O 10. Be2 Nc6 11. Bb6 Qd7 12. Nd2 d5 13. exd5 Nxd5 14. Nxd5 Qxd5 15.
O-O Qe6 16. Re1 Qg6 17. Bh5 Qh6 18. Bf3 f5 19. Bd5+ Be6 20. Nc4 e4 21. f3 Nb4
22. fxe4 fxe4 23. Bxe6+ Qxe6 24. Qe2 Rfe8 25. Rad1 Rac8 26. Rd4 Qc6 27. Rxe4
Bc5+ 28. Bxc5 Qxc5+ 29. Qf2 Qxf2+ 30. Kxf2 Rf8+ 31. Kg3 Rc5 32. c3 Nd3 33. R1e2
Rg5+ 34. Kh4 Rg6 35. Ne5 Rh6+ 36. Kg3 Nxe5 37. Rxe5 Rg6+ 38. Kh4 Rh6+ 39. Rh5
Rxh5+ 40. Kxh5 Rf5+ 41. Kg4 Rxa5 42. Re7 Rb5 43. b4 Rb6 44. Kf4 Rc6 45. Rxb7
Rxc3 46. g4 Rh3 47. Rb6 Rxh2 48. Rxa6 h5 1/2-1/2

[Event "World Youth Boys U18 2014"]
[Site "Durban RSA"]
[Date "2014.09.22"]
[Round "4.10"]
[White "Eltigani, Omar"]
[Black "Ruiz C, Joshua D"]
[Result "0-1"]
[WhiteTitle "IM"]
[BlackTitle "IM"]
[WhiteElo "2261"]
[BlackElo "2395"]
[WhiteFideId "738794"]
[BlackFideId "4400704"]
[EventDate "2014.09.20"]

1. d4 Nf6 2. c4 e6 3. Nf3 b6 4. g3 Ba6 5. Qa4 Bb7 6. Bg2 c5 7. dxc5 bxc5 8. O-O
Be7 9. Nc3 O-O 10. Rd1 Qb6 11. Bf4 Rd8 12. Rac1 h6 13. Qc2 d6 14. h3 Nc6 15. b3
Rac8 16. e4 e5 17. Bd2 Nd4 18. Nxd4 cxd4 19. Nd5 Nxd5 20. exd5 Rf8 21. Be4 Rc7
22. Kg2 Bc8 23. g4 Bh4 24. f4 f5 25. gxf5 Bxf5 26. Qd3 Rcf7 27. Rf1 Qd8 28. fxe5
Bxe4+ 29. Qxe4 Rf2+ 30. Rxf2 Rxf2+ 31. Kh1 Rxd2 32. Rg1 dxe5 33. c5 Qf6 34. d6
d3 35. Qa8+ Qf8 36. Qd5+ Qf7 37. Qa8+ Bd8 38. Qxd8+ Kh7 39. Qa8 Qf5 40. Rg3 Qf1+ 0-1

[Event "World Youth Boys U18 2014"]
[Site "Durban RSA"]
[Date "2014.09.22"]
[Round "4.11"]
[White "Javanbakht, Nima"]
[Black "Malka, Samuel"]
[Result "1/2-1/2"]
[WhiteTitle "FM"]
[WhiteElo "2364"]
[BlackElo "2298"]
[WhiteFideId "12510670"]
[BlackFideId "20643675"]
[EventDate "2014.09.20"]

1. d4 Nf6 2. c4 e6 3. Nf3 c5 4. g3 cxd4 5. Nxd4 d5 6. Bg2 e5 7. Nb3 d4 8. O-O
Nc6 9. Bg5 Be6 10. f4 exf4 11. Rxf4 Bxc4 12. Bxf6 gxf6 13. e3 Bh6 14. Re4+ Kf8
15. exd4 f5 16. Re1 Bxb3 17. Qxb3 Qxd4+ 18. Kh1 Qb4 19. Nc3 Qxb3 20. axb3 f4 21.
gxf4 Bxf4 22. Rf1 Be5 1/2-1/2

[Event "World Youth Boys U18 2014"]
[Site "Durban RSA"]
[Date "2014.09.22"]
[Round "4.12"]
[White "Flermoen, Peter"]
[Black "Salomon, Johan"]
[Result "1/2-1/2"]
[WhiteTitle "CM"]
[WhiteElo "2226"]
[BlackElo "2362"]
[WhiteFideId "1507303"]
[BlackFideId "1509500"]
[EventDate "2014.09.20"]

1. e4 c5 2. Nc3 Nc6 3. g3 g6 4. Bg2 Bg7 5. d3 Rb8 6. Be3 Nd4 7. Nce2 Nxe2 8.
Nxe2 Bxb2 9. Rb1 Bg7 10. Bxc5 Qa5+ 11. Bb4 Qxa2 12. Nc3 Qe6 13. Nd5 Kf8 14. h4
d6 15. Bh3 f5 16. O-O Nf6 17. Ne3 Ng4 18. exf5 gxf5 19. Qf3 Bf6 20. Rfe1 Nxe3
21. Rxe3 Qa2 22. Rbe1 Qf7 1/2-1/2

[Event "World Youth Boys U18 2014"]
[Site "Durban RSA"]
[Date "2014.09.22"]
[Round "4.13"]
[White "Akhmetov, Ayan"]
[Black "Olund, Joar"]
[Result "1/2-1/2"]
[WhiteTitle "IM"]
[WhiteElo "2350"]
[BlackElo "2280"]
[WhiteFideId "13703706"]
[BlackFideId "1714848"]
[EventDate "2014.09.20"]

1. e4 c5 2. Nf3 e6 3. d4 cxd4 4. Nxd4 a6 5. c4 Nf6 6. Nc3 Qc7 7. a3 b6 8. Be3
Be7 9. f3 Bb7 10. Rc1 d6 11. Be2 Nbd7 12. O-O Rc8 13. b4 Qb8 14. Qd2 O-O 15. Na4
Bd8 16. Rc2 Bc7 17. Kh1 Ba8 18. Rb1 d5 19. cxd5 exd5 20. Bxa6 Rce8 21. exd5 Nxd5
22. Bg1 Bf4 23. Qf2 Re5 24. Ne2 Be3 25. Qg3 N7f6 26. Nac3 Nh5 27. Qh4 Ndf4 28.
Bxe3 Rxe3 29. Nxf4 Nxf4 30. Ne2 Nxg2 31. Kxg2 Rxf3 32. Kg1 Qe5 33. Qd4 Qf6 34.
Rcc1 h5 35. Ng3 Qg5 36. Rc8 Kh7 37. Bd3+ f5 38. Rxf8 1/2-1/2

[Event "World Youth Boys U18 2014"]
[Site "Durban RSA"]
[Date "2014.09.22"]
[Round "4.14"]
[White "Menezes, Christoph"]
[Black "Nassr, Ali"]
[Result "0-1"]
[WhiteTitle "FM"]
[BlackTitle "IM"]
[WhiteElo "2329"]
[BlackElo "2215"]
[WhiteFideId "1617001"]
[BlackFideId "7900520"]
[EventDate "2014.09.20"]

1. d4 Nf6 2. c4 e6 3. Nf3 b6 4. g3 Bb7 5. Bg2 Be7 6. Nc3 O-O 7. Qc2 c5 8. d5
exd5 9. Ng5 g6 10. Nh3 d6 11. Nf4 Nc6 12. cxd5 Ne5 13. O-O a6 14. b3 b5 15. Bb2
Re8 16. Rfe1 Bf8 17. Rad1 Bg7 18. Ne4 Nxe4 19. Bxe4 Rc8 20. Ng2 Qb6 21. h4 c4
22. Bd4 Nf3+ 23. Bxf3 Bxd4 24. e3 Be5 25. h5 0-1

[Event "World Youth Boys U18 2014"]
[Site "Durban RSA"]
[Date "2014.09.22"]
[Round "4.15"]
[White "Nikolov, Rumen"]
[Black "Shetty, Atulya"]
[Result "1-0"]
[BlackTitle "FM"]
[WhiteElo "2172"]
[BlackElo "2328"]
[WhiteFideId "2911620"]
[BlackFideId "2031213"]
[EventDate "2014.09.20"]

1. e4 c5 2. Nf3 d6 3. g3 Nf6 4. Nc3 g6 5. Bg2 Nc6 6. d4 Nxd4 7. Nxd4 cxd4 8.
Qxd4 Bg7 9. Bg5 h6 10. Be3 O-O 11. Qd2 Kh7 12. Bd4 Be6 13. O-O Qa5 14. Rfd1 Nd7
15. Bxg7 Kxg7 16. Ne2 Qc7 17. Nf4 Rac8 18. Rac1 Ne5 19. c4 Qc5 20. b4 Qb6 21.
Nxe6+ fxe6 22. c5 Qa6 23. cxd6 Rxc1 24. Rxc1 exd6 25. Qd4 Qb6 26. Qxb6 axb6 27.
f4 Nc6 28. e5 d5 29. Bh3 Nd8 30. Rc7+ Rf7 31. Rc8 Rd7 32. Kf2 Kf7 33. b5 Ke7 34.
Ke3 Kf7 35. Kd4 Ke7 36. Bf1 g5 37. Bd3 gxf4 38. gxf4 Nf7 39. Bg6 Nd8 40. f5 exf5
41. Bxf5 Ne6+ 42. Bxe6 Kxe6 43. Rh8 Rg7 44. Rxh6+ Ke7 45. Rxb6 Rg2 46. Rxb7+ Ke6
47. Rb6+ Ke7 48. Kxd5 1-0

[Event "World Youth Boys U18 2014"]
[Site "Durban RSA"]
[Date "2014.09.22"]
[Round "4.16"]
[White "Yurtseven, Melih"]
[Black "Torosyan, Norayr"]
[Result "1/2-1/2"]
[WhiteElo "2208"]
[BlackElo "2321"]
[WhiteFideId "6312160"]
[BlackFideId "13300431"]
[EventDate "2014.09.20"]

1. d4 d5 2. Bf4 Nf6 3. e3 Bf5 4. c4 e6 5. Qb3 b6 6. Nc3 Bd6 7. Bxd6 Qxd6 8. Nf3
h6 9. h3 c6 10. g4 Bh7 11. Ne5 Nbd7 12. Nxd7 Qxd7 13. Be2 Ne4 14. Nxe4 Bxe4 15.
f3 Bg6 16. Bd3 Bxd3 17. Qxd3 dxc4 18. Qxc4 Qd5 19. Qxd5 1/2-1/2

[Event "World Youth Boys U18 2014"]
[Site "Durban RSA"]
[Date "2014.09.22"]
[Round "4.17"]
[White "Abe, Mahiro"]
[Black "Rindlisbacher, Lars"]
[Result "0-1"]
[BlackTitle "FM"]
[WhiteElo "2146"]
[BlackElo "2336"]
[WhiteFideId "7000235"]
[BlackFideId "1304178"]
[EventDate "2014.09.20"]

1. e4 c5 2. c3 Nf6 3. e5 Nd5 4. Nf3 Nc6 5. Bc4 e6 6. O-O d6 7. d4 cxd4 8. cxd4
Be7 9. Qe2 O-O 10. Re1 Nb6 11. Bb3 d5 12. Bf4 Bd7 13. Nbd2 Na5 14. Bc2 Rc8 15.
Bd3 Na4 16. Nf1 Qb6 17. Bg5 Qd8 18. Bxe7 Qxe7 19. Ne3 h6 20. Ng4 Nc4 21. Rab1 b5
22. h3 Rc7 23. Rec1 Rfc8 24. b3 Na3 25. Rxc7 Rxc7 26. Re1 Nc3 27. Qd2 Qf8 28.
Re3 b4 29. Nh4 Bb5 30. Nxh6+ gxh6 31. Rg3+ Kh8 32. Rg6 Bxd3 33. Rxh6+ Bh7 34.
Qf4 Ne2+ 0-1

[Event "World Youth Boys U18 2014"]
[Site "Durban RSA"]
[Date "2014.09.22"]
[Round "4.19"]
[White "De Abreu, Roberto N"]
[Black "Serikbay, Chingiz"]
[Result "0-1"]
[WhiteTitle "FM"]
[WhiteElo "2009"]
[BlackElo "2173"]
[WhiteFideId "14307472"]
[BlackFideId "13707604"]
[EventDate "2014.09.20"]

1. d4 Nf6 2. c4 e6 3. g3 Bb4+ 4. Bd2 Qe7 5. Nf3 Nc6 6. Nc3 O-O 7. Bg2 d6 8. d5
exd5 9. Nxd5 Bxd2+ 10. Qxd2 Qd8 11. Qg5 Nxd5 12. Qxd8 Rxd8 13. cxd5 Ne7 14. Nd4
Bd7 15. O-O c5 16. dxc6 bxc6 17. Rac1 Rac8 18. Rfd1 c5 19. Nf3 Be6 20. Nd2 Nc6
21. Bxc6 Rxc6 22. b3 Kf8 23. Ne4 Ke7 24. Nc3 d5 25. Rd2 a6 26. Kf1 c4 27. Nd1 d4
28. bxc4 Rxc4 29. Rxc4 Bxc4 30. Ke1 Ke6 31. a3 Rd5 32. Rc2 Bb3 33. Rc6+ Rd6 34.
Rc7 d3 35. exd3 Bxd1 36. Kxd1 Rxd3+ 37. Ke2 Rxa3 38. h4 g6 39. Ra7 h6 40. Ra8
Kf5 41. Ra7 f6 42. Re7 Rb3 43. Kf1 Rb8 44. Ra7 Rb6 45. Kg2 g5 46. hxg5 hxg5 47.
f3 Ke5 48. Kh3 Kd5 49. Kg4 Kc5 50. Kf5 Kb5 51. f4 gxf4 52. gxf4 a5 53. Kg6 a4
54. f5 Kb4 55. Re7 a3 56. Re4+ Kb5 57. Rh4 a2 58. Rh1 Ka4 59. Ra1 Ka3 0-1

[Event "World Youth Boys U18 2014"]
[Site "Durban RSA"]
[Date "2014.09.22"]
[Round "4.20"]
[White "Lobersli, Henrik Oie"]
[Black "Ofner, Maximilian"]
[Result "0-1"]
[WhiteElo "1950"]
[BlackElo "2145"]
[WhiteFideId "1511947"]
[BlackFideId "1637789"]
[EventDate "2014.09.20"]

1. e4 c6 2. d4 d5 3. e5 c5 4. Nf3 Nc6 5. Bb5 cxd4 6. Nxd4 Bd7 7. Nxc6 Bxc6 8.
Bd3 Qc7 9. Qe2 e6 10. O-O Ne7 11. Nd2 Ng6 12. f4 Bc5+ 13. Kh1 O-O-O 14. Nb3 Bb6
15. Bd2 Kb8 16. a4 a6 17. a5 Ba7 18. c3 Qd7 19. Be3 Bxe3 20. Qxe3 Bb5 21. Bxb5
Qxb5 22. Nd4 Qc4 23. Rfc1 Ne7 24. Ra3 Rc8 25. Rca1 g6 26. Ra4 Qc5 27. Rb4 Nc6
28. Nxc6+ Rxc6 29. Qe2 Rd8 30. Qd2 h5 31. g3 Rdc8 32. Qe2 Qa7 33. Raa4 Qc5 34.
Kg2 Ka7 35. h3 Ka8 36. Qd3 R8c7 37. Qe2 Rc8 38. Qd3 Qe7 39. Qd4 Rc5 40. Rb6 Rc4
41. Qd1 Rxa4 42. Qxa4 Rc4 43. Rb4 Rxb4 44. cxb4 Qc7 45. b5 Qd7 46. Qb4 axb5 47.
Qf8+ Ka7 48. Qc5+ Kb8 49. Qf8+ Qc8 50. Qxf7 Qc2+ 51. Kf1 Qc1+ 52. Kg2 Qxb2+ 53.
Kf3 Qc3+ 54. Ke2 Qc4+ 55. Kf2 d4 56. Qe7 Qc2+ 57. Kf1 Qd1+ 58. Kf2 Qd2+ 59. Kf1
Qd3+ 0-1

[Event "World Youth Boys U18 2014"]
[Site "Durban RSA"]
[Date "2014.09.22"]
[Round "4.21"]
[White "Kenenbaev, Aidar"]
[Black "Bratkovic, Sham"]
[Result "0-1"]
[WhiteElo "1739"]
[BlackElo "2093"]
[WhiteFideId "13801180"]
[BlackFideId "14608715"]
[EventDate "2014.09.20"]

1. Nf3 d5 2. g3 c6 3. Bg2 Nf6 4. O-O Bg4 5. d3 Nbd7 6. c3 e5 7. Qc2 Be7 8. e4
dxe4 9. dxe4 O-O 10. Nbd2 Qc7 11. Nc4 Bh5 12. Ne3 Nc5 0-1

[Event "World Youth Boys U18 2014"]
[Site "Durban RSA"]
[Date "2014.09.22"]
[Round "4.22"]
[White "Machlik, Jon"]
[Black "De Strycker, Nathan"]
[Result "1/2-1/2"]
[WhiteElo "1859"]
[BlackElo "2133"]
[WhiteFideId "1513613"]
[BlackFideId "226343"]
[EventDate "2014.09.20"]

1. e4 e6 2. d4 d5 3. Nd2 Be7 4. Bd3 c5 5. c3 Nc6 6. Ne2 cxd4 7. cxd4 dxe4 8.
Nxe4 Nf6 9. N4c3 O-O 10. O-O a6 11. b3 b5 12. Bb2 Bb7 13. Rc1 Qb6 14. Qd2 Rfd8
15. Rfd1 Rac8 16. Qf4 Nb4 17. Bb1 h6 18. Qg3 Bd6 19. Qh3 Nbd5 20. Rd3 Nxc3 21.
Rdxc3 Rxc3 22. Bxc3 Be4 23. Bxe4 Nxe4 1/2-1/2

[Event "World Youth Boys U18 2014"]
[Site "Durban RSA"]
[Date "2014.09.22"]
[Round "4.23"]
[White "Sidabras, Jonas"]
[Black "Di Giannantonio, Nino"]
[Result "1/2-1/2"]
[BlackTitle "FM"]
[WhiteElo "1828"]
[BlackElo "2128"]
[WhiteFideId "12806048"]
[BlackFideId "119261"]
[EventDate "2014.09.20"]

1. d4 d5 2. c4 c6 3. Nf3 Nf6 4. Nbd2 e6 5. g3 Nbd7 6. Bg2 Bd6 7. O-O O-O 8. Qc2
Qe7 9. e4 dxe4 10. Nxe4 Nxe4 11. Qxe4 e5 12. dxe5 Nxe5 13. Bd2 Nxf3+ 14. Qxf3
Be5 15. Bc3 Bxc3 16. Qxc3 Be6 17. Rfe1 Qc5 18. Rac1 Rfd8 19. b3 Qa3 20. Qc2 Rd7
21. Rcd1 Re7 22. Qd2 Rae8 23. Qd6 Qxd6 24. Rxd6 g6 25. Red1 Bf5 1/2-1/2

[Event "World Youth Boys U18 2014"]
[Site "Durban RSA"]
[Date "2014.09.22"]
[Round "4.24"]
[White "Hackner, Oskar A"]
[Black "Andriamalala, Fanomezana"]
[Result "1-0"]
[WhiteElo "2102"]
[BlackElo "1876"]
[WhiteFideId "424188"]
[BlackFideId "13101056"]
[EventDate "2014.09.20"]

1. d4 d5 2. c4 c6 3. Nc3 Nf6 4. e3 e6 5. Nf3 Nbd7 6. Bd2 Bb4 7. Bd3 O-O 8. O-O
Re8 9. Qc2 e5 10. dxe5 Nxe5 11. Nxe5 Rxe5 12. cxd5 cxd5 13. Ne2 Bxd2 14. Qxd2
Ng4 15. h3 Nf6 16. Bc2 Bd7 17. Qd4 Re8 18. Nf4 Bb5 19. Rfd1 Rc8 20. Bb3 Bc4 21.
Bxc4 dxc4 22. Qxa7 Qc7 23. a3 Qc6 24. Qd4 Qb5 25. Rac1 Re4 26. Qc3 h6 27. Rd4
Ree8 28. Rcd1 Qa4 29. f3 Qc6 30. e4 Qb6 31. Kh1 Qc5 32. Ne2 Kh7 33. Ng3 Re6 34.
Nf5 Ne8 35. Rd5 Qf2 36. R5d2 Qc5 37. Rd7 Rc7 38. R1d5 Qb6 39. Rxc7 Qxc7 40. Qd4
Nf6 41. Rc5 Qb6 42. Rxc4 1-0

[Event "World Youth Boys U18 2014"]
[Site "Durban RSA"]
[Date "2014.09.22"]
[Round "4.25"]
[White "Nielsen, Viktor"]
[Black "Koh, Cedric"]
[Result "1-0"]
[WhiteElo "2052"]
[BlackElo "1836"]
[WhiteFideId "1444492"]
[BlackFideId "3200523"]
[EventDate "2014.09.20"]

1. e4 e5 2. Nf3 Nf6 3. Nxe5 Nxe4 4. Qe2 Qe7 5. Qxe4 d6 6. d4 dxe5 7. Qxe5 Nc6 8.
Qxe7+ Bxe7 9. c3 O-O 10. Bd3 Bg4 11. O-O Be6 12. Nd2 Rae8 13. Ne4 Bd7 1-0

[Event "World Youth Boys U18 2014"]
[Site "Durban RSA"]
[Date "2014.09.22"]
[Round "4.28"]
[White "Kjoita, Henning"]
[Black "Nyamdorj, Davaaochir"]
[Result "0-1"]
[WhiteElo "2010"]
[BlackElo "1804"]
[WhiteFideId "1509861"]
[BlackFideId "2621843"]
[EventDate "2014.09.20"]

1. e4 e5 2. Nf3 Nc6 3. d4 exd4 4. Nxd4 Bc5 5. Nb3 Bb6 6. Qe2 Nf6 7. Nc3 a5 8.
Bg5 a4 9. e5 O-O 10. f4 d6 11. exf6 gxf6 12. Bh6 Re8 13. Ne4 Bf5 14. Nbd2 Nd4
15. Qd3 d5 16. O-O-O dxe4 17. Qg3+ Bg6 18. Nc4 c5 19. f5 Bc7 20. Qg4 Qc8 21. Ne3
Nxf5 22. Nxf5 Qxf5 23. Qxf5 Bxf5 24. Bb5 Re5 25. g4 Bc8 26. Bf4 Re7 27. Bxc7
Rxc7 28. Rd8+ Kg7 29. Re1 Ra5 30. c4 f5 31. a3 Be6 32. Kd2 Rc8 33. Rxc8 Bxc8 34.
Ke3 Be6 0-1

[Event "World Youth Boys U18 2014"]
[Site "Durban RSA"]
[Date "2014.09.23"]
[Round "5.1"]
[White "Vaibhav, Suri"]
[Black "Bortnyk, Olexandr"]
[Result "1/2-1/2"]
[WhiteTitle "GM"]
[BlackTitle "IM"]
[WhiteElo "2521"]
[BlackElo "2505"]
[WhiteFideId "5045185"]
[BlackFideId "14120828"]
[EventDate "2014.09.20"]

1. d4 d6 2. e4 Nf6 3. Nc3 Nbd7 4. Nf3 e5 5. Bc4 Be7 6. O-O O-O 7. Re1 c6 8. a4
a5 9. h3 h6 10. Ba2 Re8 11. Be3 Qc7 12. Qd2 Nf8 13. Rad1 Be6 14. d5 Bd7 15. Nxe5
dxe5 16. d6 Bxd6 17. Qxd6 Qxd6 18. Rxd6 Be6 19. b3 Rec8 20. Bb1 b5 21. axb5 cxb5
22. Nxb5 Nxe4 23. Rdd1 a4 24. Na7 Rc7 25. bxa4 Rb7 26. Nb5 Rxa4 27. c4 Nf6 28.
Bd3 Rd7 29. c5 Nd5 30. c6 Rd8 31. Bc5 Rc8 32. Nd6 Rxc6 33. Bb5 Rxc5 34. Bxa4 Nc3
35. Ra1 Rd5 36. Ne4 Nxa4 37. Rxa4 Ng6 38. Kh2 Nf4 39. h4 Kh7 40. g3 Nd3 41. Re3
f5 42. Nc3 Rd7 43. Kg1 Bf7 44. Ra1 Bh5 45. Nb5 e4 46. Kg2 1/2-1/2

[Event "World Youth Boys U18 2014"]
[Site "Durban RSA"]
[Date "2014.09.23"]
[Round "5.2"]
[White "Bluebaum, Matthias"]
[Black "Harutyunian, Tigran K."]
[Result "1-0"]
[WhiteTitle "IM"]
[BlackTitle "IM"]
[WhiteElo "2521"]
[BlackElo "2439"]
[WhiteFideId "24651516"]
[BlackFideId "13303635"]
[EventDate "2014.09.20"]

1. c4 e6 2. g3 d5 3. Bg2 Nf6 4. Nf3 dxc4 5. Qa4+ Nbd7 6. Qxc4 a6 7. Qc2 c5 8.
Nc3 Qc7 9. O-O b6 10. d4 Bb7 11. Bf4 Bd6 12. Bxd6 Qxd6 13. Rfd1 O-O 14. e4 Qe7
15. Qe2 Rfd8 16. Rac1 b5 17. e5 Nd5 18. Ne4 cxd4 19. Nxd4 Rab8 20. f4 N7b6 21.
Nd6 Rxd6 22. exd6 Qxd6 23. Nf3 Nc4 24. b3 Qb6+ 25. Qf2 Qxf2+ 26. Kxf2 Nce3 27.
Rd2 Nxg2 28. Kxg2 h6 29. a3 g6 30. Rd3 Kg7 31. Kf2 Rh8 32. Nd4 Kf6 33. Rc5 Rd8
34. Nc6 Rh8 35. b4 g5 36. f5 Kxf5 37. Rf3+ Ke4 38. Rxf7 Ba8 39. Rc1 Rc8 40. Re1+
Kd3 41. Rf3+ Kd2 42. Re2+ Kd1 43. Rd3+ Kc1 44. Ke1 Ne3 45. Rc3+ Kb1 46. Rexe3
Rxc6 47. Rxc6 Bxc6 48. Rxe6 Bb7 49. Rb6 Bc8 50. Rb8 Bf5 51. Ra8 Kb2 52. Rxa6 Bc2
53. Kd2 h5 54. Ra5 Ba4 55. Rxa4 1-0